Bibliography of objective tests in the vocational subject, (Record no. 21293)

MARC details
000 -LEADER
fixed length control field 00932cam a22002291 4500
001 - CONTROL NUMBER
control field e 33000073
003 - CONTROL NUMBER IDENTIFIER
control field DLC
005 - DATE AND TIME OF LATEST TRANSACTION
control field 20260227111223.0
008 - FIXED-LENGTH DATA ELEMENTS--GENERAL INFORMATION
fixed length control field 820128s1932 nyu s000 0 eng c
010 ## - LIBRARY OF CONGRESS CONTROL NUMBER
LC control number e 33000073
035 ## - SYSTEM CONTROL NUMBER
System control number (OCoLC)8101320
040 ## - CATALOGING SOURCE
Original cataloging agency Library, U.S. Office of Education
Transcribing agency Vi
Modifying agency Vi
-- OCoLC
-- DLC
042 ## - AUTHENTICATION CODE
Authentication code premarc
050 00 - LIBRARY OF CONGRESS CALL NUMBER
Classification number Z5814.O8
Item number N6
110 2# - MAIN ENTRY--CORPORATE NAME
Corporate name or jurisdiction name as entry element University of the State of New York.
Subordinate unit Educational research division.
245 10 - TITLE STATEMENT
Title Bibliography of objective tests in the vocational subject,
Statement of responsibility, etc. prepared by Educational Research Division. New York State Education Department.
260 ## - PUBLICATION, DISTRIBUTION, ETC.
Place of publication, distribution, etc. Albany,
Name of publisher, distributor, etc. University of the State of New York Press,
Date of publication, distribution, etc. 1932.
300 ## - PHYSICAL DESCRIPTION
Extent 24 p.
Dimensions 23 cm.
500 ## - GENERAL NOTE
General note At head of title: The University of the State of New York. The State Education Department.
650 #0 - SUBJECT ADDED ENTRY--TOPICAL TERM
Topical term or geographic name entry element Educational tests and measurements
Form subdivision Bibliography.
650 #0 - SUBJECT ADDED ENTRY--TOPICAL TERM
Topical term or geographic name entry element Vocational education
Form subdivision Bibliography.

No items available.

Powered by Koha